Normal view
MARC view
- Saulés Estrada, Salvador
Entry Nombre Personal
001 - NUMERO DE CONTROL
- campo de control: 35429
003 - IDENTIFICADOR DE NUMERO DE CONTROL
- campo de control: UPN
005 - FECHA Y HORA DE LA ÜLTIMA TRANSACCIÓN
- campo de control: 20240222154016.0
008 - DATOS DE LONGITUD FIJA
- campo de control de longitud fija: nabaccnnaabn|||||||||| b |nc|||||d
035 ## - NUMERO DE CONTROL
- Número de control: UPN11000007536
040 ## - FUENTE DE CATALOGACIÓN
- Lenguaje de catalogación: SPA
- Agencia de transcripción: UPN
- Agencia original de catalogación: MX-MxUPN
100 1# - ENCABEZAMIENTO - NOMBRE PERSONAL
- Nombre personal: Saulés Estrada, Salvador
670 ## - FUENTE EN LA QUE SE LOCALIZARON DATOS
- Cita de la fuente: Leer... ¿para qué?, 2012:
- Uniform Resource Identifier: página legal (Salvador Saulés Estrada)
680 ## - NOTA PUBLICA DE ACCESO PÚBLICO
- Frase explicativa de la referencia: Jefe de proyecto de la Dirección de Proyectos Internacionales y Especiales del INEE
902 ## - CATALOGADOR
- Catalogador: MCM/240614
